Catálogo
Digital

Catálogo
Digital

Marketing Internacional de lugares y destinos (Record no. 14030)

MARC details
000 -CABECERA
campo de control de longitud fija 01600nam a2200301 4500
003 - IDENTIFICADOR DEL NÚMERO DE CONTROL
campo de control EC-UNACH
005 - FECHA Y HORA DE LA ÚLTIMA TRANSACCIÓN
campo de control 20251017130122.0
006 - CÓDIGOS DE INFORMACIÓN DE LONGITUD FIJA--CARACTERÍSTICAS DEL MATERIAL ADICIONAL
campo de control de longitud fija s||||gr|||| 00| 00
008 - DATOS DE LONGITUD FIJA--INFORMACIÓN GENERAL
campo de control de longitud fija 150116t9999 mx r gr 000 0 spa d
020 ## - NÚMERO INTERNACIONAL ESTÁNDAR DEL LIBRO
Número Internacional Estándar del Libro 978-970-26-0852-3
040 ## - FUENTE DE LA CATALOGACIÓN
Centro catalogador/agencia de origen EC-UNACH
Centro/agencia transcriptor EC-UNACH
041 ## - CÓDIGO DE LENGUA
Código de lengua del texto/banda sonora o título independiente spa
082 04 - NÚMERO DE LA CLASIFICACIÓN DECIMAL DEWEY
Número de edición 23
Número de clasificación 658.8
Número de documento/Ítem L002118
110 ## - ENTRADA PRINCIPAL--NOMBRE DE ENTIDAD CORPORATIVA
Nombre de entidad corporativa o nombre de jurisdicción como elemento de entrada Pearson Prentice Hall
245 ## - MENCIÓN DE TÍTULO
Título Marketing Internacional de lugares y destinos
250 ## - MENCIÓN DE EDICIÓN
Mención de edición Primera Edición
264 ## - Producción, publicación, distribución, fabricación y copyright
Lugar de producción, publicación, distribución, fabricación Mexico
Nombre del de productor, editor, distribuidor, fabricante Pearson Prentice Hall
Fecha de de producción, publicación, distribución, fabricación o copyright 2007
300 ## - DESCRIPCIÓN FÍSICA
Extensión 380
505 ## - NOTA DE CONTENIDO CON FORMATO
Nota de contenido con formato Capitulo 1- El desafío de marketing en la nueva América latina y el caribe Capitulo 2- Lugares en problemas de América latina y el caribe Capitulo 3- Como se venden así mismo los lugares Capitulo 4- Como hacen sus elecciones los compradores de lugares Capitulo 5- La auditoria y el proceso de planeación estratégica Capitulo 6- Estrategias para el mejoramiento de lugares Capitulo 7- Diseño de imagen en un lugar Capítulo 8- Distribución de la imagen y los mensajes de un lugar Capitulo 9- Como atraer los mercados de los negocios de turismo y hospitalidad Capitulo 10- Como atraer, retener expandir los negocios Capitulo 11- Como expandir las exportaciones y estimular la inversión extranjera Capitulo 12- Como organizarse para el cambio
650 ## - PUNTO DE ACCESO ADICIONAL DE MATERIA--TÉRMINO DE MATERIA
Término de materia o nombre geográfico como elemento inicial Como organizarse para el cambio
650 ## - PUNTO DE ACCESO ADICIONAL DE MATERIA--TÉRMINO DE MATERIA
Término de materia o nombre geográfico como elemento inicial Respuesta
650 ## - PUNTO DE ACCESO ADICIONAL DE MATERIA--TÉRMINO DE MATERIA
Término de materia o nombre geográfico como elemento inicial Desafio
700 ## - PUNTO DE ACCESO ADICIONAL--NOMBRE DE PERSONA
Nombre de persona Philip Kotler. David Gertner / Irving Rein , Donald Haider
942 ## - ELEMENTOS DE PUNTO DE ACCESO ADICIONAL (KOHA)
Fuente del sistema de clasificación o colocación Clasificación Decimal Dewey
Tipo de ítem Koha Libros
999 ## - NÚMEROS DE CONTROL DE SISTEMA (KOHA)
Koha biblionumber 14030
Holdings
Estado de pérdida Fuente del sistema de clasificación o colocación Estado dañado No para préstamo Localización permanente Ubicación/localización actual Ubicación en estantería Fecha de adquisición Fuente de adquisición Número de inventario Total de préstamos Signatura topográfica completa Código de barras Fecha visto por última vez Precio válido a partir de Tipo de ítem Koha Centro de costos
  Clasificación Decimal Dewey     Biblioteca Campus Norte Biblioteca Campus Norte Facultad de Ingeniería - Generalidades 17/10/2025 Transitoria segunda Resolución N°0311-CU-UNACH-SE-ORD-16-09-24 39932945   658.8 KOT L002118 L002118 17/10/2025 17/10/2025 Libros  

Powered by Koha